Russlands Nachbarstaaten - Statistiken

Allgemein
  • Dieses Quiz wurde 38 mal gespielt
  • Das Durchschnittsergebnis liegt bei 13 aus 14
Antwortstatistiken
Nachbarstaaten % Korrekt
Estland
100%
Finnland
100%
Kasachstan
100%
Lettland
100%
Nordkorea
100%
Ukraine
100%
Belarus
97%
China
97%
Litauen
97%
Mongolei
95%
Polen
92%
Georgien
89%
Aserbaidschan
84%
Norwegen
74%
Keine übereinstimmenden Quizze gefunden
Verteilung der Resultate
Anzahl Personen mit jedem Resultat
Perzentil nach korrekt beantworteten Fragen
Ihre Resultats-Entwicklung
Sie haben dieses Quiz noch nicht gespielt